000 00424nam a2200121Ia 4500
008 200902s9999 xx 000 0 und d
020 _a978-971-9645-79-7
100 _aAlminar-Mutya, Ruby F.
245 _cRuby F. Alminar-Mutya.--
_aFundamentals of advertising /
260 _aManila :
_bUnlimited Books Library Services & Publishing Inc.
_c2017
300 _aiv , 217 pages :
_billustrations ;
_c26 cm.
650 _aAdvertising
999 _c363946
_d363946